| 000 | 01010nam a22003137a 4500 | ||
|---|---|---|---|
| 001 | 0047730 | ||
| 003 | KOHA_MİRAKIL | ||
| 005 | 20260207003556.0 | ||
| 007 | ta | ||
| 008 | 150330b2015 tu |||gr||||#||||0|tur | | ||
| 020 | _a9789758918409 | ||
| 040 |
_aTR-BiSEU _btur _cTR-BiSEU _erda |
||
| 041 | 0 | _atur | |
| 044 | _ctu | ||
| 050 |
_aKKX3528 _b.T87 2015 |
||
| 100 | 1 | _aTurguter, Necip. | |
| 245 | 1 |
_a5018 sayılı kamu mali yönetimi kontrol kanunu açıklaması/ _cNecip Turguter ; Necip Turguter. |
|
| 250 | _a3. Basım | ||
| 264 | 1 |
_aAnkara : _bTürkiye ve Orta Doğu Amme İdaresi Enstitüsü Yayınları _c2015 |
|
| 300 |
_a535 sayfa ; _c20 cm. |
||
| 336 |
_ametin _btxt _2rdacontent |
||
| 337 |
_aaracısız _bn _2rdamedia |
||
| 338 |
_acilt _bnc _2rdacarrier |
||
| 490 | 1 |
_aTODAİE yayın no ; _v384 |
|
| 650 | 0 |
_aBütçe--Hukuk ve mevzuat--Türkiye _918095 |
|
| 650 | 0 |
_aKamu maliyesi--Hukuk ve mevzuat--Türkiye _987589 |
|
| 830 | 1 |
_aTODAİE yayın no ; _v384 _950842 |
|
| 942 |
_2lcc _cBK |
||
| 999 |
_c47573 _d47573 |
||